Statistics for Countries with a 'J' in their name:

Click here to take the quiz!

General Stats

  • This quiz has been taken 68 times
  • The average score is 6 of 7

Answer Stats

Hint Answer % Correct
FFiji
95%
JJamaica
95%
AAzerbaijan
94%
Japan
94%
DDjibouti
91%
Jordan
89%
TTajikistan
88%

Score Distribution

Percentile by Number Answered

Percent of People with Each Score

Your Score History

You have not taken this quiz